• 首页
  • 本馆介绍
  • 公告通知
  • 最新文献
  • 馆藏检索
  • 电子资源
  • 读者导购
  • 参考咨询
  • 我的图书馆
  • 登录
  • 详细信息显示
  • 放入我的书架
  • 预约/预借图书
  • 作者相关作品
  • 分类相关作品
  • 丛书相关作品
  • 出版社相关作品

书目信息

  • 表格格式
  • 工作单格式
  • 卡片格式
题名:
直线感应电机理论
    
 
作者: 波罗亚多夫 , Poloujadoff 著 ;张春镐 译
分册:  
出版信息: 北京   科学出版社  1985
页数: 274页
开本: 19cm
丛书名:
单 册:
中图分类: TM359.4
科图分类:
主题词: 直线电机:感应电机 , 感应电机:直线电机
电子资源:
ISBN:
000 00975nam0 2200313 45
001 0185020403
005 20040521112252.9
010    @dCNY2.15
091    @a15031.630
100    @a19900923d1985 mk y0chiy0121 ea
101 1  @achi@beng@cfre
102    @aCN@b110000
105    @ay z 001yy
106    @ar
200 10 @a直线感应电机理论@Azhi xian gan ying dian ji li lun@f(法)波罗亚多夫(Poloujadoff,M.)著@g张春镐译
210    @a北京@c科学出版社@d1985
215    @a274页@d19cm
300    @a书名原文: The theory of linear induction machinery
300    @a根据1980年英文版译出
510 1  @aThe theory of linear induction machinery@zeng
606    @a直线电机:感应电机
606    @a感应电机:直线电机
690    @aTM359.4@v3
701  1 @a波罗亚多夫@Abo luo ya duo fu@bM.@4著
701 A1 @aPoloujadoff@bM.@4著
702  0 @a张春镐@Azhang chun gao@4译
801  0 @aCN@b深圳图书馆@c20040521
801  2 @aCN@bNLC@c20040521
905    @f2@b126805-806@dTM359.4@e19
    
    直线感应电机理论/(法)波罗亚多夫(Poloujadoff,M.)著/张春镐译.-北京:科学出版社,1985
    274页;19cm
    书名原文: The theory of linear induction machinery.-根据1980年英文版译出
    
    ISBN :CNY2.15
    
●
相关链接 在E读中查询图书 在五车中查询图书 在当当中查询图书 在豆瓣中查询图书


正题名:直线感应电机理论     索取号:TM359.4/19         预约/预借

序号 登录号 条形码 馆藏地/架位号 状态 备注
1 0126805   001344174   第三借阅区/ [索取号:TM359.4/19] 在馆    
2 0126806   001344218   第三借阅区/ [索取号:TM359.4/19] 在馆    
3 0126807   202107371   第二样本阅览室/ [索取号:TM359.4/19] 在馆    
唐山师范学院图书馆 欢迎您!
大连网信软件有限公司© 版权所有